000 01016nam a22002535i 4500
001 165026
003 ES-MaACL
005 20251003063146.0
008 050808q18501900sp | |||||||| ||spa d
040 _aCAM
_bspa
_cCAM
100 1 _aScott, Walter,
_cSir,
_d1771-1832
_9104957
245 1 4 _aLos puritanos de Escocia /
_cpor Walter Scott.
260 _aMadrid :
_bEl Libro de oro,
_c[s.a.]
300 _a173 p. :
_bil. ;
_c24 cm.
490 1 _aEco de los folletines
490 1 _aArchivo escogido de obras amenas e instructivas de todos los tiempos y de todos los países / publicada por las Novedades
500 _aDatos tomados de la cub.
596 _aProbablemente imp. a mediados del S. XIX.
597 _aTexto a dos col.
830 0 _aEco de los folletines
_9222405
830 0 _aArchivo escogido de obras amenas e instructivas de todos los tiempos y de todos los países / publicada por las Novedades
_9222407
852 _aES-MaACL
_jB-4372
_z-- Rúst.
999 _c165026
_d165026